Länder, die einen Buchstaben enthalten - V - Statistiken

Allgemein
  • Dieses Quiz wurde 907 mal gespielt
  • Das Durchschnittsergebnis liegt bei 10 aus 16
Antwortstatistiken
Hinweis Land % Korrekt
1 x V Venezuela
93%
1 x V Vatikanstadt
85%
1 x V Vereinigte Staaten
84%
1 x V Vereinigtes Königreich
83%
1 x V Vanuatu
80%
1 x V Vereinigte Arabische Emirate
80%
1 x V Vietnam
79%
1 x V Tuvalu
63%
1 x V St. Vincent und die Grenadinen
54%
1 x V Bolivien
50%
1 x V Kosovo
42%
1 x V Kap Verde
39%
1 x V Malediven
39%
1 x V St. Kitts und Nevis
37%
1 x V El Salvador
36%
1 x V Föderierte Staaten von Mikronesien
27%
Keine übereinstimmenden Quizze gefunden
Verteilung der Resultate
Anzahl Personen mit jedem Resultat
Perzentil nach korrekt beantworteten Fragen
Ihre Resultats-Entwicklung
Sie haben dieses Quiz noch nicht gespielt